A HANDBOOK OF RECIPES, REAGENTS, AND OTHER TOOLS FOR USE AT THE BENCH (Record no. 1269)
[ view plain ]
| 000 -LEADER | |
|---|---|
| fixed length control field | 00480nam a22001817a 4500 |
| 003 - CONTROL NUMBER IDENTIFIER | |
| control field | OSt |
| 005 - DATE AND TIME OF LATEST TRANSACTION | |
| control field | 20210901094443.0 |
| 008 - FIXED-LENGTH DATA ELEMENTS--GENERAL INFORMATION | |
| fixed length control field | 210901b |||||||| |||| 00| 0 eng d |
| 020 ## - INTERNATIONAL STANDARD BOOK NUMBER | |
| International Standard Book Number | 8188237051 |
| 040 ## - CATALOGING SOURCE | |
| Transcribing agency | HU |
| 050 ## - LIBRARY OF CONGRESS CALL NUMBER | |
| Classification number | 543.078/LAB |
| 082 ## - DEWEY DECIMAL CLASSIFICATION NUMBER | |
| Classification number | 543.078/LAB |
| 100 ## - MAIN ENTRY--PERSONAL NAME | |
| Personal name | LAB REF |
| Fuller form of name | LAB REF |
| 9 (RLIN) | 1032 |
| 245 ## - TITLE STATEMENT | |
| Title | A HANDBOOK OF RECIPES, REAGENTS, AND OTHER TOOLS FOR USE AT THE BENCH |
| 260 ## - PUBLICATION, DISTRIBUTION, ETC. | |
| Place of publication, distribution, etc. | NEW DEIHI |
| Name of publisher, distributor, etc. | I.K. INTERNATIONAL |
| Date of publication, distribution, etc. | 2004 |
| 300 ## - PHYSICAL DESCRIPTION | |
| Extent | 272 |
| 942 ## - ADDED ENTRY ELEMENTS (KOHA) | |
| Source of classification or shelving scheme | Dewey Decimal Classification |
| Koha item type | Books like text book referance book |
| Suppress in OPAC | No |
| Withdrawn status | Lost status | Source of classification or shelving scheme | Damaged status | Not for loan | Home library | Current library | Shelving location | Date acquired | Total Checkouts | Full call number | Barcode | Date last seen | Copy number | Price effective from | Koha item type |
|---|---|---|---|---|---|---|---|---|---|---|---|---|---|---|---|
| Dewey Decimal Classification | Natural & Computational Science Library | Natural & Computational Science Library | General Stacks | 09/01/2021 | 543.078/LAB | NSCLIB00005144 | 09/01/2021 | 1 | 09/01/2021 | Books like text book referance book |